| 000 | 00545nam a2200217Ia 4500 | ||
|---|---|---|---|
| 005 | 20250425162027.0 | ||
| 008 | 250425s9999 xx 000 0 und d | ||
| 020 | _a8432956228 | ||
| 041 | _aspa | ||
| 082 | _a745.2 | ||
| 110 | _aEDICIONES CEAC | ||
| 245 | 0 | _aDISEÑADORES DEL SIGLO XX : LAS FIGURAS CLAVE DEL DISEÑO Y LAS ARTES APLICADAS | |
| 250 | _a1A ED. | ||
| 260 | _aBARCELONA | ||
| 260 |
_aEspaña _bBIBLIOTECA CEAC DISEÑO _c1993 |
||
| 300 | _a256 | ||
| 650 | _aARTE | ||
| 650 | _aDISEÑO | ||
| 942 | _c01 | ||
| 010 | _a41235 | ||
| 999 |
_c220893 _d220893 |
||